| 000 | 00672cam a2200253 4500 | ||
|---|---|---|---|
| 008 | 090401t1996 xxu||||| |||| 00| 0 eng d | ||
| 020 | _a0752003526 | ||
| 035 | _a(Sirsi) u74236 | ||
| 041 | _aeng | ||
| 050 | _a336.39 | ||
| 100 | _aMorrison, Neil | ||
| 245 | _aPrivate Finance Initiative : a specially commissioned report. | ||
| 260 |
_aLondon _bFT Law & Tax _c1996 |
||
| 300 | _aviii,99p. ; 25cm. | ||
| 350 | _a130 | ||
| 650 | _aPFI | ||
| 650 | _aPRIVATE FINANCE INITIATIVE | ||
| 650 | _aProcurement-old | ||
| 650 | _aRISK ALLOCATION | ||
| 690 | _aPROPERTY-PROPERTY FINANCE AND INVESTMENT | ||
| 700 | _aOwen, Naomi | ||
| 942 | _n0 | ||
| 948 | _c04/03/1997 | ||
| 999 |
_c95791 _d95791 |
||